000 00679nam a2200289Ia 4500
005 20260324125130.0
008 008 260324s9999 xx 000 0 eng d
020 _a9780429093272
037 _aEBOOK
040 _aCRL
040 _beng
040 _cCRL
041 _2eng
041 _aeng
084 _qCRL
100 _aYunqian Ma; Gang Qian
_91176820
245 0 _aIntelligent Video Surveillance
245 0 _bSystems and Technology
260 _bTaylor and Francis
260 _c2009
365 _a
365 _b340
856 _uhttp://www.taylorfrancis.com/books/9780429093272
942 _cEBOOK
999 _c1771795
_d1771795